| 000 | 01175nam a22003617a 4500 | ||
|---|---|---|---|
| 001 | BR7305124 | ||
| 003 | BR-BrBNA | ||
| 005 | 20230928084105.0 | ||
| 007 | ta | ||
| 008 | 230509b bl.||||| |||| 00| 0 por d | ||
| 040 |
_aBR-BrBNA _bpor _cBiblioteca Nacional de Agricultura |
||
| 041 | _a(Por) | ||
| 072 |
_aL30; L00 _b5214 _b8954 _b9410 _b/G514 _bGG50 |
||
| 090 | _ 5214 BR7305124 | ||
| 100 | 1 | _aGalvao, F.E. | |
| 110 | 1 |
_aUniversidade Federal de Minas Gerais, Belo Horizonte (Brasil). Escola de Veterinaria _0Tese (Mestre em Zootecnia) |
|
| 245 | 1 | _aEfeito de tres niveis suplementares de concentrado na fase pre-parto sobre a lactacao subsequente de vacas leiteiras em area tropical [Minas Gerais; Brasil] | |
| 260 | 3 |
_aBelo Horizonte, MG (Brasil): _c1973. |
|
| 300 | _a53 p. | ||
| 500 | _a14 tables; 29 ref.; Summary (Por) | ||
| 650 | _aNutricao animal | ||
| 650 | _aGado leiteiro | ||
| 650 | _aConcentrado proteico | ||
| 650 | _aLeite | ||
| 650 | _aProducao leiteira | ||
| 650 | _aReproducao animal | ||
| 650 | _aLactacao | ||
| 650 | _aVaca | ||
| 650 | _aMinas Gerais | ||
| 650 | _aTropico | ||
| 909 |
_a202309 _bLucia _c55 _dLucia Elande |
||
| 942 | _cBK | ||
| 999 |
_c16810 _d16810 |
||